=LDR 00000nam 2200000 4500 =001 INLIS000000000020255 =005 20130612115226 =008 ***********************************Ind** =035 ##$$0010-061300000020255 =041 ##$$a Ind =082 ##$$a 639.27 =090 ##$$a 639.27, Emi a =100 ##$$a Emilia =245 ##$$a Arwana si ikan naga, Emilia =260 ##$$a 2002 $b Jakarta =300 ##$$a viii, 60 hlm, ilus, 23 cm =650 ##$$a Arwana-Ikan =850 ##$$a NBPNMAT